000 00423nam a2200181Ia 4500
001 5186
005 20260306145850.0
008 260306t2005||||xx |||||||||||||| ||spa||
041 _aESP
082 _a337
_bS18 2005
100 _aSalvatore, Dominik
_eAUT
245 0 _aEconomía internacional
260 _c2005
300 _axl, 826 páginas :
_c24 cm.
650 _aGEN
654 _aCAN
942 _cLIB
_dJUS
_fJUS
_2ddc
_n
999 _c5186
_d5186